California... or Canada? - Statistics

General Stats
  • This quiz has been taken 20 times
  • The average score is 10 of 15
Answer Stats
Question Answer % Correct
Has more than two colors on its flag California
100%
Has a higher GDP (total, USD) California
84%
Contains a more populous city proper California
84%
Borders the US state of Oregon California
84%
Has a longer life expectancy at birth Canada
84%
Borders the US state of Idaho Canada
84%
Is closer to Miami, Florida (as the crow flies) Canada
79%
Extends further west Canada
79%
Has a name which most historians believe originates from an Indigenous North American language Canada
79%
Has land at the same latitude as Lisbon, Portugal California
58%
Has a LESS populous capital California
53%
Hosted the Olympics (Summer or Winter) earlier California
47%
Has an older national park Canada
37%
Has greater total value of agricultural exports Canada
37%
Has a larger population (2024) Canada
11%
No matching quizzes found
Score Distribution
Percent of People with Each Score
Percentile by Number Answered
Your Score History
You have not taken this quiz